[Event "Kaluga Tsiolkovsky Memorial op"]
[Site "Kaluga"]
[Date "2016.08.11"]
[Round "6"]
[White "Kogan, Elvira"]
[Black "Shalamanov, Alexander Nikolaevi"]
[Result "0-1"]
[WhiteElo "1820"]
[BlackElo "2015"]
[PlyCount "92"]
[EventDate "2016.08.06"]
[EventType "swiss"]
[EventRounds "9"]
[EventCountry "RUS"]
[SourceTitle "CBM 174 Extra"]
[Source "ChessBase"]
[SourceDate "2016.10.10"]
[SourceVersion "1"]
[SourceVersionDate "2016.10.10"]
[SourceQuality "1"]

1. d4 Nf6 2. Nf3 c5 3. c3 e6 4. Bf4 Nc6 5. e3 d5 6. Bd3 Qb6 7. Qc1 Bd7 8. 0-0 Rc8 9. Nbd2 h6 10. h3 c4 11. Bc2 Be7 12. Ne5 Qd8 13. Qd1 b5 14. a3 a5 15. e4 dxe4 16. Nxe4 Nxe5 17. dxe5 Nxe4 18. Bxe4 Bc6 19. Qf3 Bxe4 20. Qxe4 Qb6 21. Rad1 0-0 22. Rd7 Rc7 23. Rfd1 Bc5 24. Qf3 Qa7 25. Rd8 Rxd8 26. Rxd8+ Kh7 27. Qe4+ g6 28. Bxh6 Bxf2+ 29. Kf1 Rd7 30. Rxd7 Qxd7 31. Bg5 Bg3 32. Ke2 Qd5 33. Kf3 Bxe5 34. Qxd5 exd5 35. Bd8 a4 36. Bb6 g5 37. g4 Kg6 38. Be3 f5 39. Bd2 d4 40. Ke2 d3+ 41. Kf3 fxg4+ 42. Kxg4 Bf4 43. Bxf4 gxf4 44. Kf3 Kg5 45. Kf2 Kh4 46. Kg2 d2 0-1

[Event "Kaluga Tsiolkovsky Memorial op"]
[Site "Kaluga"]
[Date "2014.08.06"]
[Round "5"]
[White "Kogan, Elvira"]
[Black "Kogan, Tatjana"]
[Result "0-1"]
[WhiteElo "1758"]
[BlackElo "1733"]
[PlyCount "20"]
[EventDate "2014.08.02"]
[EventType "swiss"]
[EventRounds "8"]
[EventCountry "RUS"]
[SourceTitle "EXT 2023"]
[Source "ChessBase"]
[SourceDate "2022.10.05"]
[SourceVersion "1"]
[SourceVersionDate "2022.10.05"]
[SourceQuality "1"]

1. Nf3 e6 2. Nc3 f5 3. d4 Nf6 4. e3 Bb4 5. Be2 d5 6. Ne5 0-0 7. a3 Bxc3+ 8. bxc3 Ne4 9. Bb2 Qh4 10. Nf3 Qxf2# 0-1

[Event "Kaluga Tsiolkovsky Memorial op"]
[Site "Kaluga"]
[Date "2012.08.07"]
[Round "8"]
[White "Kulikov, Aleksandr P"]
[Black "Kogan, Elvira"]
[Result "0-1"]
[WhiteElo "1792"]
[BlackElo "1792"]
[PlyCount "52"]
[EventDate "2012.07.30"]
[EventType "swiss"]
[EventRounds "9"]
[EventCountry "RUS"]
[SourceTitle "EXT 2014"]
[Source "ChessBase"]
[SourceDate "2013.11.20"]
[SourceVersion "1"]
[SourceVersionDate "2013.11.20"]
[SourceQuality "1"]

1. e4 e6 2. Nc3 c5 3. d4 cxd4 4. Qxd4 Nc6 5. Qe3 Nf6 6. Bd2 d5 7. exd5 Nxd5 8. Qg3 Nd4 9. Nxd5 Qxd5 10. Bd3 Bd7 11. Ne2 Nf5 12. Qh3 Bc6 13. f3 0-0-0 14. 0-0 Bc5+ 15. Kh1 h5 16. Bf4 Ne3 17. Rfe1 Nxg2 18. Kxg2 g5 19. Be4 Qd7 20. Bxc6 Qxc6 21. Be5 g4 22. Qg3 gxf3+ 23. Kf1 fxe2+ 24. Kxe2 Qe4+ 25. Kf1 Qf5+ 26. Ke2 Rhg8 0-1